Canadian Provincial Emblems Quiz Stats

 Plays Quiz not verified by Sporcle

Challenge
Share
Tweet
Embed
Score 0/44 Timer 06:00
0 Plays Today
Province Emblem % Correct
AlbertaWild Rose
78.3%
OntarioWhite Trillium
57.6%
OntarioEastern White Pine
47.8%
SaskatchewanWestern Red Lily
47.8%
AlbertaLodgepole Pine
46.7%
Prince Edward IslandNorthern Red Oak
46.7%
British ColumbiaPacific Dogwood
43.5%
New BrunswickBalsam Fir
41.3%
Yukon TerritorySubalpine Fir
41.3%
Prince Edward IslandBlue Jay
39.1%
Newfoundland & LabradorPitcher Plant
33.7%
ManitobaWhite Spruce
32.6%
Newfoundland & LabradorBlack Spruce
32.6%
British ColumbiaSpirit Bear
32.6%
New BrunswickPurple Violet
31.5%
SaskatchewanPaper Birch
31.5%
QuebecYellow Birch
31.5%
ManitobaPrairie Crocus
30.4%
Nova ScotiaRed Spruce
30.4%
AlbertaGreat Horned Owl
29.3%
Nova ScotiaMayflower
29.3%
ManitobaGreat Grey Owl
28.3%
Province Emblem % Correct
OntarioGreat Northern Loon
28.3%
British ColumbiaWestern Red Cedar
27.2%
QuebecSnowy Owl
27.2%
Yukon TerritoryCommon Raven
26.1%
Newfoundland & LabradorAtlantic Puffin
25%
Northwest TerritoriesGyrfalcon
25%
QuebecBlue Flag Iris
25%
SaskatchewanWhite-Tailed Deer
25%
Nova ScotiaOsprey
23.9%
Prince Edward IslandPink Lady's Slipper
23.9%
AlbertaBull Trout
23.9%
British ColumbiaSteller's Jay
22.8%
Northwest TerritoriesMountain Avens
21.7%
NunavutPurple Saxifrage
21.7%
Yukon TerritoryFireweed
21.7%
New BrunswickBlack-Capped Chickadee
20.7%
NunavutRock Ptarmigan
19.6%
SaskatchewanSharp-Tailed Grouse
18.5%
Northwest TerritoriesTamarack Larch
13%
AlbertaRocky Mountain Bighorn Sheep
10.9%
SaskatchewanWalleye
9.8%
Northwest TerritoriesArctic Grayling
6.5%

You're not logged in!

Compare scores with friends on all Sporcle quizzes.
OR
Log In

You Might Also Like...

Show Comments

Extras

Top Quizzes Today


Score Distribution

Your Account Isn't Verified!

In order to create a playlist on Sporcle, you need to verify the email address you used during registration. Go to your Sporcle Settings to finish the process.

Report this User

Report this user for behavior that violates our Community Guidelines.

Details: